000 00320nam a22001217a 4500
020 _a0-7042-0098-8
082 _a621.38889 TEL'E
100 _aELECTRIC TECHNICIAN
_977283
245 _aTELEVISION TRUOBLESHOOTER'S HANDBOOK BLACK & WHITE/COLOUR
260 _aENGLAND
_bFOULSHAM TAB
_c1974
300 _a284P
942 _cBK
999 _c582580
_d582580